Objective physics for NEET / (Record no. 153391)

MARC details
000 -LEADER
fixed length control field 00598nam a22001937a 4500
005 - DATE AND TIME OF LATEST TRANSACTION
control field 20181218161810.0
010 ## - LCCN (DPL NO)
LC control number ENG-123379
020 ## - INTERNATIONAL STANDARD BOOK NUMBER
Terms of availability 525.00
International Standard Book Number 9789352830152 (vol. 2)
035 ## - SYSTEM CONTROL NUMBER
System control number EN-106911
037 ## - SOURCE OF ACQUISITION
Source of stock number/acquisition DBAD/PUB
082 ## - DEWEY DECIMAL CLASSIFICATION NUMBER
Classification number 530
245 00 - TITLE STATEMENT
Title Objective physics for NEET /
Statement of responsibility, etc compiled by Experts from Kota
260 ## - PUBLICATION, DISTRIBUTION, ETC. (IMPRINT)
Place of publication, distribution, etc New Delhi
Name of publisher, distributor, etc S. Chand and Company
Date of publication, distribution, etc 2018
270 ## - ADDRESS
Address 7361, Ram Nagar,
City New Delhi
Postal code 110055
300 ## - PHYSICAL DESCRIPTION
Extent various paging
Dimensions 27cm(pbk)
Other physical details ill.
500 ## - GENERAL NOTE
General note It includes NEET 2017 questions and answers
942 ## - ADDED ENTRY ELEMENTS (KOHA)
Source of classification or shelving scheme Dewey Decimal Classification
Item type English Books
Call number suffix OBJ
Classification part 530
Holdings
Withdrawn status Lost status Materials specified (bound volume or other part) Not for loan Collection code Home library Current library Date acquired Source of acquisition Cost, normal purchase price Full call number Barcode Copy number Cost, replacement price Koha item type
    vol.2   Non-fiction Shahdara Branch Shahdara Branch 04/07/2018 DBAD/PUB 525.00 530 OBJ EN-106911 1 525.00 English Books

© Delhi Public Library
Hit Counter
free hit counter